Pedagogy of science : (Record no. 149431)

MARC details
000 -LEADER
fixed length control field 00676nam a22002057a 4500
005 - DATE AND TIME OF LATEST TRANSACTION
control field 20180123113123.0
010 ## - LCCN (DPL NO)
LC control number ENG-122138
020 ## - INTERNATIONAL STANDARD BOOK NUMBER
International Standard Book Number 9788183166980
Terms of availability 495.00
035 ## - SYSTEM CONTROL NUMBER
System control number EN-105670
037 ## - SOURCE OF ACQUISITION
Source of stock number/acquisition DBAD/PUB
082 ## - DEWEY DECIMAL CLASSIFICATION NUMBER
Classification number 507.1
100 ## - MAIN ENTRY--PERSONAL NAME
Personal name Bapat, M.N.
245 ## - TITLE STATEMENT
Title Pedagogy of science :
Statement of responsibility, etc by M.N. Bapat and G.R. Prakash
Remainder of title for happy, contented and relevant teachers who can walk with change /
260 ## - PUBLICATION, DISTRIBUTION, ETC. (IMPRINT)
Place of publication, distribution, etc New Delhi
Name of publisher, distributor, etc Neelkamal Publications
Date of publication, distribution, etc 2017
270 ## - ADDRESS
Address 4764/1, 23, Ansari Road, Daryaganj
City New Delhi
Postal code 110002
300 ## - PHYSICAL DESCRIPTION
Extent 402p.
Dimensions 24cm(pbk)
Other physical details ill.
500 ## - GENERAL NOTE
General note includes index.
700 ## - ADDED ENTRY--PERSONAL NAME
Dates associated with a name G.R. Prakash
942 ## - ADDED ENTRY ELEMENTS (KOHA)
Source of classification or shelving scheme Dewey Decimal Classification
Item type English Books
Classification part 507.1
Call number suffix BAP
Holdings
Withdrawn status Lost status Not for loan Collection code Home library Current library Date acquired Source of acquisition Cost, normal purchase price Full call number Barcode Copy number Cost, replacement price Koha item type
    Not For Loan Non-fiction D.B.Act.Division Bawana 23/01/2018 DBAD/PUB 495.00 507.1 BAP EN-105670 1 495.00 English Books

© Delhi Public Library
Hit Counter
free hit counter